| 000 | 00885cam a2200229 i 4500 | ||
|---|---|---|---|
| 005 | 20260111110949.0 | ||
| 008 | 250721s2004 jo gr 000 0 ara d | ||
| 041 | 1 |
_aara _heng |
|
| 082 | 1 | 4 |
_a301.431409564 _bس ت ا |
| 100 | 1 |
_aستانفورت، شارلوت _eمؤلف. |
|
| 245 | 1 | 0 |
_aأطفال بلا طفولة : _bأطفال فلسطين في زمن الحرب / _cتأإليف الباحثة شارلوت ستانفورت ؛ ترجمة وإعداد مركز جنين للدراسات الاستراتيجية. |
| 264 | 3 | 1 |
_aجنين : _bمركز جنين، _c2004. |
| 300 | _a103 صفحة. | ||
| 650 | 1 | 7 | _aعلم الإجتماع. |
| 650 | 1 | 7 | _aالأطفال. |
| 650 | 1 | 7 | _aتاريخ فلسطين. |
| 650 | 1 | 7 | _aعلم النفس. |
| 650 | 1 | 7 | _aإسرائيل. |
| 650 | 1 | 7 | _aالحتلال. |
| 942 |
_2ddc _cBK |
||
| 999 |
_c58532 _d58532 |
||